000 00660nam a2200217Ii 4500
003 JO-AjNU
008 230606s9999||||xx |||||||||||||| ||und||
020 _a978-0-19-437-174-2
040 _aJO-AjNU
_beng
_erda
_cJO-AjNU
041 _aeng
050 1 4 _aP118.2 2002
100 3 _aBrown,james Dean تأليف/S.Rodgers,Theodore تأليف,
_eauthor
_91637
245 0 0 _aDoing Second Language Research
250 _a1 ed
264 3 1 _aNew York:Oxford University Press,2002
300 _a314p
336 _atext
_btxt
_2rdacontent
337 _aunmediated
_bn
_2rdamedia
338 _avolume
_bnc
_2rdacarrier
650 4 _aDoing Second Language Research
_91638
999 _aE859
_c859
_d859